000 00560nam a2200145Ia 4500
008 100415s9999 xx 000 0 und d
082 _b2453
_a595.76(54)
100 _aGahan CJ
245 _aThe Fauna of British India Including Ceylon and Burma : Vol 1 Coleoptera (Cerycidae)
260 _aLONDON
_c1906
_bTAYLOR AND FRANCIS
365 _b0
630 _aThe Fauna of British India Including Ceylon and Burma : Vol 1 Coleoptera (Cerycidae)
730 _aThe Fauna of British India Including Ceylon and Burma : Vol 1 Coleoptera (Cerycidae)
942 _cBOOK
999 _c585454
_d585451